நுண்ணறிவுக் களஞ்சியம் தரம் 4-5

Saved in:
Bibliographic Details
Main Author: நபீல்
Format: Book
Language:English
Published: கண்டி மாணவா் அச்சகம் 2025
Tags: Add Tag
No Tags, Be the first to tag this record!

MARC

LEADER 00000nam a22000007a 4500
005 20251021123711.0
008 251021b |||||||| |||| 00| 0 eng d
020 |a 9789553990600 
082 |a 001  |b நபீல் 
100 |a நபீல் 
245 |a நுண்ணறிவுக் களஞ்சியம் தரம் 4-5  |c கே.எல்.எம்.நபீல் 
260 |a கண்டி  |b மாணவா் அச்சகம்  |c 2025 
300 |a 156 
942 |c BK 
999 |c 16181  |d 16181